Guess the Country (Soccer Player Version) #7 - Statistics

General Stats
  • This quiz has been taken 156 times
  • The average score is 18 of 20
Answer Stats
Hint Answer % Correct
Harry Kane England
99%
Lionel Messi Argentina
97%
Kevin De Bruyne Belgium
96%
Vinicius Jr Brazil
96%
Mohamed Salah Egypt
96%
Kylian Mbappé France
96%
Luka Modric Croatia
95%
Erling Haaland Norway
95%
Rodri Spain
95%
Cristiano Ronaldo Portugal
92%
Son Heung-min South Korea
91%
Virgil van Dijk Netherlands
90%
Christian Pulisic United States
85%
David Alaba Austria
84%
Jamal Musiala Germany
82%
Victor Osimhen Nigeria
81%
Hakan Calhanoglu Turkey
81%
Khvicha Kvaratskhelia Georgia
77%
Alexander Isak Sweden
77%
Aleksandar Mitrović Serbia
75%
No matching quizzes found
Score Distribution
Percent of People with Each Score
Percentile by Number Answered
Your Score History
You have not taken this quiz